000 01114nam a22002892 4500
001 0000025486
005 20151217154549.0
008 151001s xx 000 0 eng d
020 _a0314238581 :
040 _aKABU
_cKABU
100 1 _aGregory, William A.
_@0000186143
245 1 4 _aThe law of agency and partnership /
_cby William A. Gregory.
250 _a3rd ed.
260 _aSt. Paul, MN :
_bWest publishing,
_c2001.
300 _axxxi, 690 p.
650 0 _aAgency (law)
_zUnited States.
_@0000186144
650 0 _aPartnership
_zUnited States.
_@0000186145
852 1 _9p25000 KES
852 1 _9p25000 KES
852 1 _9p25000 KES
852 1 _9p25000 KES
852 1 _9p25000 KES
852 1 _9p25000 KES
852 1 _9p25000 KES
908 _a151001
950 _@1
999 _c11746
_d11746